| 000 | 00504cam a2200193ua 4500 | ||
|---|---|---|---|
| 001 | 1280 | ||
| 008 | 110629n ii |||gr||||Z||||||eng | ||
| 020 | _a978-81-272-4695-2 | ||
| 040 | _cMAIN | ||
| 082 | _a330.954 | ||
| 100 | _aDhar, P K., | ||
| 245 | 1 |
_aIndian economics : _bits growing dimensions. / _cBy P K Dhar. |
|
| 250 | _a16th. | ||
| 260 |
_aNew Delhi.: _bKalyani publishers., _c2008. |
||
| 300 |
_axxiv, 1030 p.: _c25 cm. |
||
| 653 | _aEconomics. | ||
| 653 | _aIndian economics. | ||
| 942 | _cBK | ||
| 999 |
_c1181 _d1181 |
||